[Event "NB II. Asztalos csoport"]
[Site "Nagyatad"]
[Date "2024.03.10"]
[Round "6.5"]
[White "Mike, Janos"]
[Black "Konig, Balazs"]
[Result "0-1"]
[WhiteElo "1901"]
[BlackElo "2098"]
[PlyCount "78"]
[EventDate "2023.10.08"]
[EventType "team-tourn"]
[EventRounds "9"]
[EventCountry "HUN"]
[Source "chess.hu"]
[WhiteTeam "Marcali VSZSE"]
[BlackTeam "Sakk Egylet Nagyatad"]
[WhiteTeamCountry "HUN"]
[BlackTeamCountry "HUN"]

1. c4 Nf6 2. Nc3 g6 3. g3 Bg7 4. Bg2 O-O 5. d4 d6 6. e4 c5 7. Nge2 Nc6 8. O-O
Bg4 9. f3 cxd4 10. Nxd4 Nxd4 11. Qxd4 Be6 12. Qd3 Rc8 13. Nd5 Nd7 14. Rb1 Ne5
15. Qa3 Rxc4 16. b3 Rc2 17. Qxa7 Bxd5 18. exd5 Qc8 19. Be3 Qc3 20. Rbc1 Rxc1
21. Rxc1 Qd3 22. Rf1 Rc8 23. h3 Qe2 24. Rf2 Qd1+ 25. Kh2 h5 26. Qxb7 Rc2 27.
Qxe7 Rxf2 28. Bxf2 Qe2 29. Qd8+ Kh7 30. Qb6 Nxf3+ 31. Bxf3 Qxf3 32. a4 h4 33.
a5 Be5 34. Kg1 Qd1+ 35. Kg2 Qxd5+ 36. Kf1 hxg3 37. Be3 Qd3+ 38. Kg2 Qe2+ 39.
Kg1 g2 0-1

[Event "NB II. Asztalos csoport"]
[Site "Nagyatad"]
[Date "2024.03.10"]
[Round "6.6"]
[White "Szijarto, Attila"]
[Black "Horvath, Jozsef"]
[Result "1/2-1/2"]
[WhiteElo "1963"]
[BlackElo "1893"]
[PlyCount "73"]
[EventDate "2023.10.08"]
[EventType "team-tourn"]
[EventRounds "9"]
[EventCountry "HUN"]
[Source "chess.hu"]
[WhiteTeam "Sakk Egylet Nagyatad"]
[BlackTeam "Marcali VSZSE"]
[WhiteTeamCountry "HUN"]
[BlackTeamCountry "HUN"]

1. e4 d6 2. d4 Nf6 3. Nc3 g6 4. f4 Bg7 5. Nf3 c6 6. Bd3 O-O 7. O-O b5 8. Bd2
Bb7 9. Qe1 a6 10. Nd1 Nbd7 11. Ne3 c5 12. e5 dxe5 13. dxe5 Nd5 14. Ng5 Nxe3 15.
Bxe3 h6 16. Nxf7 Rxf7 17. Qg3 Nf8 18. Bxc5 Qc7 19. Be3 Qc6 20. Rf2 Rd8 21. Raf1
Rxd3 22. cxd3 e6 23. b4 Kh7 24. Rc1 Qd5 25. Bc5 Nd7 26. d4 Nb8 27. Rd2 Nc6 28.
Qe3 Rd7 29. Bd6 Rxd6 30. Rc5 Qxd4 31. Rxd4 Rxd4 32. Kf2 Rxb4 33. Qc1 Na5 34. g3
Nc4 35. Ke1 Bd5 36. Rc7 Be4 37. Qc3 1/2-1/2

[Event "NB II. Asztalos csoport"]
[Site "Nagyatad"]
[Date "2024.03.10"]
[Round "6.7"]
[White "Nador, Zoltan"]
[Black "Szijarto, Andras"]
[Result "0-1"]
[WhiteElo "1852"]
[BlackElo "2058"]
[PlyCount "94"]
[EventDate "2023.10.08"]
[EventType "team-tourn"]
[EventRounds "9"]
[EventCountry "HUN"]
[Source "chess.hu"]
[WhiteTeam "Marcali VSZSE"]
[BlackTeam "Sakk Egylet Nagyatad"]
[WhiteTeamCountry "HUN"]
[BlackTeamCountry "HUN"]

1. d4 d6 2. e4 Nf6 3. Nc3 g6 4. Be2 Bg7 5. Bg5 b6 6. Qd2 Bb7 7. f3 h6 8. Be3
Nbd7 9. Nh3 e6 10. Nf2 Qe7 11. a4 c6 12. Na2 e5 13. c3 d5 14. dxe5 Nxe5 15. O-O
Rd8 16. Qc1 g5 17. Re1 dxe4 18. Nxe4 Nxe4 19. fxe4 O-O 20. Qc2 c5 21. Rad1 Qe6
22. Rxd8 Rxd8 23. Nc1 Ng4 24. Bxg4 Qxg4 25. Bf2 Be5 26. h3 Qf4 27. g3 Qf3 28.
Qe2 Qxe2 29. Rxe2 Rd1+ 30. Re1 Rxe1+ 31. Bxe1 Bxe4 32. Kf2 f5 33. Bd2 Kf7 34.
b4 cxb4 35. cxb4 Ke6 36. a5 Kd5 37. axb6 axb6 38. Ne2 Kc4 39. h4 Bf6 40. hxg5
hxg5 41. Ke3 Bd3 42. Nc1 Bd4+ 43. Kf3 Be4+ 44. Ke2 g4 45. Ke1 Bc3 46. b5 Bxd2+
47. Kxd2 Kxb5 0-1

[Event "NB II. Asztalos csoport"]
[Site "Nagyatad"]
[Date "2024.03.10"]
[Round "6.8"]
[White "Ferencz, Miklos"]
[Black "Dan, Daniel"]
[Result "1/2-1/2"]
[WhiteElo "2004"]
[BlackElo "1872"]
[PlyCount "20"]
[EventDate "2023.10.08"]
[EventType "team-tourn"]
[EventRounds "9"]
[EventCountry "HUN"]
[Source "chess.hu"]
[WhiteTeam "Sakk Egylet Nagyatad"]
[BlackTeam "Marcali VSZSE"]
[WhiteTeamCountry "HUN"]
[BlackTeamCountry "HUN"]

1. c4 g6 2. Nc3 c5 3. Nf3 Bg7 4. g3 Nc6 5. Bg2 d6 6. d3 Nh6 7. O-O Nf5 8. Re1
Be6 9. Rb1 h5 10. h4 f6 1/2-1/2

[Event "NB II. Asztalos csoport"]
[Site "Nagyatad"]
[Date "2024.03.10"]
[Round "6.9"]
[White "Kiraly, Mate"]
[Black "Kondakor, Mark"]
[Result "1/2-1/2"]
[WhiteElo "1863"]
[BlackElo "1966"]
[PlyCount "40"]
[EventDate "2023.10.08"]
[EventType "team-tourn"]
[EventRounds "9"]
[EventCountry "HUN"]
[Source "chess.hu"]
[WhiteTeam "Marcali VSZSE"]
[BlackTeam "Sakk Egylet Nagyatad"]
[WhiteTeamCountry "HUN"]
[BlackTeamCountry "HUN"]

1. e4 e6 2. Nf3 d5 3. exd5 exd5 4. d4 Nf6 5. Bg5 Bf5 6. Bd3 Bxd3 7. Qxd3 c6 8.
O-O Be7 9. Re1 O-O 10. Nbd2 Nbd7 11. Re2 Bd6 12. Ne5 Qc7 13. Qf5 c5 14. Nxd7
Nxd7 15. Qxd5 Nb6 16. Qe4 Bxh2+ 17. Kh1 Bd6 18. Nf3 Rac8 19. dxc5 Bxc5 20. c3
Bd6 1/2-1/2

[Event "NB II. Asztalos csoport"]
[Site "Nagyatad"]
[Date "2024.03.10"]
[Round "6.10"]
[White "Bocska, Janos"]
[Black "Jankovics, Emod"]
[Result "1-0"]
[WhiteElo "1956"]
[BlackElo "1699"]
[PlyCount "61"]
[EventDate "2023.10.08"]
[EventType "team-tourn"]
[EventRounds "9"]
[EventCountry "HUN"]
[Source "chess.hu"]
[WhiteTeam "Sakk Egylet Nagyatad"]
[BlackTeam "Marcali VSZSE"]
[WhiteTeamCountry "HUN"]
[BlackTeamCountry "HUN"]

1. d4 Nf6 2. c4 g6 3. Nc3 Bg7 4. e4 d6 5. f4 O-O 6. Nf3 c5 7. d5 e6 8. dxe6
Bxe6 9. Bd3 Re8 10. O-O Nc6 11. f5 Bc8 12. Bg5 h6 13. Bxf6 Bxf6 14. fxg6 fxg6
15. e5 Nxe5 16. Nxe5 Rxe5 17. Bxg6 Rg5 18. Be4 Qe7 19. Bd5+ Be6 20. Rxf6 Qxf6
21. Ne4 Qe5 22. Nxg5 hxg5 23. Bxe6+ Qxe6 24. Qd2 Qf6 25. Qd5+ Kh8 26. Rf1 Qe7
27. h3 Rg8 28. Rf7 Qe2 29. Qxd6 Qe3+ 30. Kh2 g4 31. Qf6+ 1-0

[Event "NB II. Asztalos csoport"]
[Site "Nagyatad"]
[Date "2024.03.10"]
[Round "6.11"]
[White "Angyan, Mark"]
[Black "Szarka, Rego"]
[Result "1-0"]
[WhiteElo "1710"]
[BlackElo "1600"]
[PlyCount "73"]
[EventDate "2023.10.08"]
[EventType "team-tourn"]
[EventRounds "9"]
[EventCountry "HUN"]
[Source "chess.hu"]
[WhiteTeam "Marcali VSZSE"]
[BlackTeam "Sakk Egylet Nagyatad"]
[WhiteTeamCountry "HUN"]
[BlackTeamCountry "HUN"]

1. d4 d5 2. Bf4 Nf6 3. e3 Bf5 4. Nf3 e6 5. c4 dxc4 6. Bxc4 Bd6 7. Ne5 Nbd7 8.
O-O Bxe5 9. dxe5 Ne4 10. f3 Nec5 11. b4 Na6 12. Bxa6 bxa6 13. Qa4 Bd3 14. Rd1
Bb5 15. Qc2 c5 16. a4 Bc6 17. bxc5 Qa5 18. Nd2 Rd8 19. Nc4 Qxc5 20. Rxd7 Kxd7
21. Qe2 Ke7 22. h3 Bd5 23. Nd6 h6 24. Kh2 f6 25. e4 Bc6 26. Qxa6 fxe5 27. Rc1
Qxd6 28. Rxc6 Qd7 29. Bxe5 Kf8 30. Rc7 Qe8 31. Bxg7+ Kg8 32. Bxh8 Kxh8 33. Qxa7
Qf8 34. Rf7 Qg8 35. Qe7 Qg5 36. Rh7+ Kg8 37. Qf7# 1-0

[Event "NB II. Asztalos csoport"]
[Site "Nagyatad"]
[Date "2024.03.10"]
[Round "6.12"]
[White "Gyorkos, Krisztina"]
[Black "Dan, Abraham"]
[Result "1-0"]
[WhiteElo "1640"]
[BlackElo "1658"]
[PlyCount "87"]
[EventDate "2023.10.08"]
[EventType "team-tourn"]
[EventRounds "9"]
[EventCountry "HUN"]
[Source "chess.hu"]
[WhiteTeam "Sakk Egylet Nagyatad"]
[BlackTeam "Marcali VSZSE"]
[WhiteTeamCountry "HUN"]
[BlackTeamCountry "HUN"]

1. e4 c6 2. d4 d5 3. exd5 cxd5 4. Nf3 Bf5 5. Bb5+ Nd7 6. O-O a6 7. Bd3 Bg6 8.
Bf4 e6 9. Qe2 Ngf6 10. Nbd2 Qb6 11. Nb3 Bd6 12. Bxd6 Qxd6 13. Bxg6 hxg6 14. h3
Ne4 15. Nbd2 Ndf6 16. Ne5 g5 17. Nxe4 Nxe4 18. c4 dxc4 19. Qxe4 Qc7 20. Rac1 f5
21. Qe2 b5 22. Ng6 Kf7 23. Nxh8+ Rxh8 24. Rce1 Rh6 25. Qe5 Qd7 26. Re2 Qe7 27.
Rfe1 g4 28. hxg4 Qh4 29. Qc7+ Kg8 30. f3 fxg4 31. Rxe6 gxf3 32. Qc8+ Kh7 33.
Rxh6+ gxh6 34. Qf5+ Kg7 35. Qe5+ Kf7 36. Rf1 Kg6 37. Rxf3 h5 38. Qg3+ Qg4 39.
Qxg4+ hxg4 40. Re3 Kf5 41. g3 b4 42. Kf2 b3 43. axb3 cxb3 44. d5 1-0

[Event "NB II. Asztalos csoport"]
[Site "Kalocsa"]
[Date "2024.03.10"]
[Round "6.1"]
[White "Jesenski, Tibor"]
[Black "Halasz, Attila"]
[Result "0-1"]
[WhiteElo "2259"]
[BlackElo "2079"]
[PlyCount "82"]
[EventDate "2023.10.08"]
[EventType "team-tourn"]
[EventRounds "9"]
[EventCountry "HUN"]
[Source "chess.hu"]
[WhiteTeam "Bajai SSC"]
[BlackTeam "Kalocsai SK"]
[WhiteTeamCountry "HUN"]
[BlackTeamCountry "HUN"]

1. d4 Nf6 2. Nf3 e6 3. g3 d5 4. Bg2 Be7 5. O-O O-O 6. c4 c6 7. Nbd2 Nbd7 8. Qc2
Re8 9. b3 b6 10. Bb2 Bb7 11. e4 dxe4 12. Nxe4 Nxe4 13. Qxe4 Nf6 14. Qe2 Qc7 15.
Rad1 a5 16. a4 Rab8 17. Rd3 b5 18. Rc1 bxa4 19. bxa4 c5 20. dxc5 Qxc5 21. Ba3
Qc6 22. Bxe7 Rxe7 23. Rb3 Rc8 24. Qb2 Ba8 25. Rb5 Ra7 26. Qd4 Rd7 27. Qe5 Rcd8
28. Ne1 Qc8 29. Bxa8 Qxa8 30. Rxa5 Qc6 31. Rb5 Rd2 32. f3 h5 33. a5 Rd1 34.
Rbb1 R1d4 35. Rb8 Kh7 36. Rxd8 Rxd8 37. Qe3 Ra8 38. Qb6 Qa4 39. Qb7 Rxa5 40.
Qxf7 Qa3 41. Rc2 Qe3+ 0-1

[Event "NB II. Asztalos csoport"]
[Site "Kalocsa"]
[Date "2024.03.10"]
[Round "6.2"]
[White "Ruppaner, Janos"]
[Black "Arbutina, Sinisa"]
[Result "0-1"]
[WhiteElo "2038"]
[BlackElo "2188"]
[PlyCount "74"]
[EventDate "2023.10.08"]
[EventType "team-tourn"]
[EventRounds "9"]
[EventCountry "HUN"]
[Source "chess.hu"]
[WhiteTeam "Kalocsai SK"]
[BlackTeam "Bajai SSC"]
[WhiteTeamCountry "HUN"]
[BlackTeamCountry "HUN"]

1. c3 d5 2. Na3 e5 3. Nc2 Bd6 4. d3 Ne7 5. e3 c5 6. g3 Nbc6 7. Bg2 Be6 8. h3
Qd7 9. Ne2 Bc7 10. Kf1 h5 11. f4 f6 12. Bd2 g5 13. Qe1 O-O-O 14. Qf2 Bf5 15.
Ne1 e4 16. d4 c4 17. b3 b5 18. Rb1 Bd6 19. Nc2 Kc7 20. Bc1 Rb8 21. Qe1 a5 22.
b4 Be6 23. Bd2 Qc8 24. Qc1 h4 25. g4 f5 26. gxf5 Nxf5 27. fxg5 Rg8 28. Be1 Rxg5
29. Bf2 Qg8 30. Ne1 axb4 31. Nf4 bxc3 32. Qxc3 b4 33. Qc2 Nfxd4 34. Nxe6+ Nxe6
35. Bxh4 Rf8+ 36. Kg1 Rh5 37. Bf2 Rhf5 0-1

[Event "NB II. Asztalos csoport"]
[Site "Kalocsa"]
[Date "2024.03.10"]
[Round "6.3"]
[White "Nemeth, Antal"]
[Black "Molnar, Krisztian"]
[Result "1/2-1/2"]
[WhiteElo "2201"]
[BlackElo "1987"]
[PlyCount "26"]
[EventDate "2023.10.08"]
[EventType "team-tourn"]
[EventRounds "9"]
[EventCountry "HUN"]
[Source "chess.hu"]
[WhiteTeam "Bajai SSC"]
[BlackTeam "Kalocsai SK"]
[WhiteTeamCountry "HUN"]
[BlackTeamCountry "HUN"]

1. Nf3 e6 2. g3 d5 3. Bg2 Nf6 4. O-O Bd6 5. d4 O-O 6. c4 c6 7. Qc2 Ne4 8. Nc3
f5 9. Rd1 Nd7 10. Bf4 Qe7 11. Rac1 Ndf6 12. Ne5 g5 13. Bxe4 gxf4 1/2-1/2

[Event "NB II. Asztalos csoport"]
[Site "Kalocsa"]
[Date "2024.03.10"]
[Round "6.4"]
[White "Nagy, Imre"]
[Black "Balint, Richard"]
[Result "0-1"]
[WhiteElo "2093"]
[BlackElo "2094"]
[PlyCount "65"]
[EventDate "2023.10.08"]
[EventType "team-tourn"]
[EventRounds "9"]
[EventCountry "HUN"]
[Source "chess.hu"]
[WhiteTeam "Kalocsai SK"]
[BlackTeam "Bajai SSC"]
[WhiteTeamCountry "HUN"]
[BlackTeamCountry "HUN"]

1. e4 c5 2. Nf3 d6 3. d4 cxd4 4. Nxd4 Nf6 5. Nc3 a6 6. a4 e6 7. Be2 Nc6 8. O-O
Be7 9. Rb1 O-O 10. b4 d5 11. Nxc6 bxc6 12. exd5 exd5 13. Be3 Rb8 14. Na2 a5 15.
bxa5 Rxb1 16. Qxb1 Qxa5 17. Qb3 Be6 18. Bb6 Qa8 19. a5 Rb8 20. Nb4 c5 21. Na6
c4 22. Qb5 Bd7 23. Nc7 Bxb5 24. Nxa8 Rxa8 25. Rb1 Bc6 26. Bc7 Nd7 27. Bg4 Kf8
28. f4 Bc5+ 29. Kf1 d4 30. Bf3 Bxf3 31. gxf3 Ra7 32. Bb6 Nxb6 33. axb6 0-1

[Event "NB II. Asztalos csoport"]
[Site "Kalocsa"]
[Date "2024.03.10"]
[Round "6.5"]
[White "Follardt, Lorinc"]
[Black "Czibulka, Zoltan Dr"]
[Result "1-0"]
[WhiteElo "1977"]
[BlackElo "1899"]
[PlyCount "105"]
[EventDate "2023.10.08"]
[EventType "team-tourn"]
[EventRounds "9"]
[EventCountry "HUN"]
[Source "chess.hu"]
[WhiteTeam "Bajai SSC"]
[BlackTeam "Kalocsai SK"]
[WhiteTeamCountry "HUN"]
[BlackTeamCountry "HUN"]

1. e4 e6 2. b3 d5 3. Bb2 c5 4. exd5 Qxd5 5. Nc3 Qd8 6. Nf3 Nf6 7. Bb5+ Bd7 8.
Qe2 Nc6 9. O-O Be7 10. Ne4 Nxe4 11. Qxe4 Bf6 12. Bxf6 Qxf6 13. Rad1 a6 14. Be2
O-O 15. d4 cxd4 16. Nxd4 Nxd4 17. Qxd4 Qxd4 18. Rxd4 Bc6 19. Rfd1 g6 20. a4
Rfc8 21. a5 Kf8 22. f4 Ke7 23. c4 Rd8 24. b4 Rxd4 25. Rxd4 Rd8 26. Rxd8 Kxd8
27. b5 Bd7 28. Kf2 Kc7 29. Ke3 b6 30. axb6+ Kxb6 31. bxa6 Kxa6 32. Kd4 Kb6 33.
Ke5 Kc5 34. Kf6 Bc6 35. Kxf7 Bxg2 36. Kxe6 Kd4 37. Kf6 Ke3 38. Bd1 Kxf4 39. Kg7
g5 40. Kxh7 g4 41. Kg6 Bf3 42. Ba4 Be4+ 43. Kf6 Bf5 44. Bc6 Bc8 45. Bd5 g3 46.
hxg3+ Kxg3 47. c5 Kf4 48. c6 Ba6 49. Bg2 Bc8 50. Bd5 Ba6 51. Ke6 Ke3 52. Kd6
Kd4 53. Be6 1-0

[Event "NB II. Asztalos csoport"]
[Site "Kalocsa"]
[Date "2024.03.10"]
[Round "6.7"]
[White "Arato, Bela"]
[Black "Matota, Kornel Dr"]
[Result "1/2-1/2"]
[WhiteElo "2034"]
[BlackElo "1947"]
[PlyCount "77"]
[EventDate "2023.10.08"]
[EventType "team-tourn"]
[EventRounds "9"]
[EventCountry "HUN"]
[Source "chess.hu"]
[WhiteTeam "Bajai SSC"]
[BlackTeam "Kalocsai SK"]
[WhiteTeamCountry "HUN"]
[BlackTeamCountry "HUN"]

1. e4 e5 2. Nf3 Nf6 3. Nxe5 d6 4. Nf3 Nxe4 5. d4 d5 6. Bd3 Be7 7. O-O O-O 8.
Re1 Nf6 9. Bg5 h6 10. Bh4 Be6 11. Nbd2 Nbd7 12. c3 Re8 13. Qc2 Nh5 14. Bxe7
Qxe7 15. Bh7+ Kh8 16. Bf5 Qf6 17. Bxe6 Rxe6 18. Rxe6 fxe6 19. Re1 Nf4 20. g3
Ng6 21. Qb3 Nb6 22. Qb5 Rf8 23. Qe2 Re8 24. Ne5 Nxe5 25. Qxe5 Qxe5 26. Rxe5 Kg8
27. b3 Nd7 28. Re3 Nf6 29. Kg2 Kf7 30. Nf3 Nd7 31. c4 c6 32. c5 b6 33. b4 bxc5
34. bxc5 Rb8 35. Ra3 Rb7 36. Ra6 Rc7 37. Ne5+ Nxe5 38. dxe5 Kg6 39. f4 1/2-1/2

[Event "NB II. Asztalos csoport"]
[Site "Kalocsa"]
[Date "2024.03.10"]
[Round "6.8"]
[White "Bartuszek, Andras"]
[Black "Javor, Sandor"]
[Result "0-1"]
[WhiteElo "1866"]
[BlackElo "2095"]
[PlyCount "72"]
[EventDate "2023.10.08"]
[EventType "team-tourn"]
[EventRounds "9"]
[EventCountry "HUN"]
[Source "chess.hu"]
[WhiteTeam "Kalocsai SK"]
[BlackTeam "Bajai SSC"]
[WhiteTeamCountry "HUN"]
[BlackTeamCountry "HUN"]

1. e4 g6 2. d4 Bg7 3. Nf3 d6 4. Nc3 c6 5. Bc4 Qc7 6. Bb3 e5 7. dxe5 dxe5 8. Be3
Na6 9. Ng5 Nh6 10. Qe2 O-O 11. O-O-O Qe7 12. h4 Nc5 13. Bxc5 Qxc5 14. h5 Qe7
15. Qd2 gxh5 16. f3 Be6 17. Nxe6 fxe6 18. Rxh5 Rad8 19. Qe3 Rxd1+ 20. Nxd1 Nf7
21. Nf2 c5 22. Ng4 b5 23. c3 c4 24. Bc2 b4 25. cxb4 Qxb4 26. Qc3 Qc5 27. b4
Qg1+ 28. Kb2 Rc8 29. Ka3 a5 30. bxa5 Qc5+ 31. Qb4 Qd4 32. Ka4 Bf8 33. Qb7 c3+
34. Kb5 Nd6+ 35. Ka6 Nxb7 36. Nf6+ Kf7 0-1

[Event "NB II. Asztalos csoport"]
[Site "Kalocsa"]
[Date "2024.03.10"]
[Round "6.12"]
[White "Grafik, Martin"]
[Black "Baki, Bence"]
[Result "0-1"]
[WhiteElo "1608"]
[BlackElo "1876"]
[PlyCount "74"]
[EventDate "2023.10.08"]
[EventType "team-tourn"]
[EventRounds "9"]
[EventCountry "HUN"]
[Source "chess.hu"]
[WhiteTeam "Kalocsai SK"]
[BlackTeam "Bajai SSC"]
[WhiteTeamCountry "HUN"]
[BlackTeamCountry "HUN"]

1. e4 e5 2. Nf3 Nc6 3. Nc3 Nf6 4. Bc4 Bc5 5. d3 h6 6. O-O d6 7. h3 Be6 8. Bb5
Qd7 9. Bxc6 Qxc6 10. Ne2 O-O-O 11. Re1 Qd7 12. Ng3 g5 13. Be3 Bxe3 14. Rxe3 g4
15. hxg4 Bxg4 16. Qd2 Rdg8 17. Nh2 h5 18. Nxg4 Nxg4 19. Rf3 Rg6 20. Nf5 Nh6 21.
Kf1 Nxf5 22. exf5 Rg4 23. Re1 Rhg8 24. Qh6 Rxg2 25. Qxh5 b6 26. Ree3 Rg1+ 27.
Ke2 Qa4 28. Rg3 Qxc2+ 29. Kf3 Qd1+ 30. Re2 Qxd3+ 31. Re3 R8xg3+ 32. fxg3 e4+
33. Kf4 Rf1+ 34. Kg4 Qxe3 35. Qh8+ Kb7 36. Qc3 Qxc3 37. bxc3 e3 0-1

[Event "NB II. Asztalos csoport"]
[Site "Szentlorinc"]
[Date "2024.03.10"]
[Round "6.1"]
[White "Majnay, Peter"]
[Black "Bihercz, Gabor"]
[Result "1/2-1/2"]
[WhiteElo "1961"]
[BlackElo "2197"]
[PlyCount "28"]
[EventDate "2023.10.08"]
[EventType "team-tourn"]
[EventRounds "9"]
[EventCountry "HUN"]
[Source "chess.hu"]
[WhiteTeam "Komloi BSK"]
[BlackTeam "Szentlorinc"]
[WhiteTeamCountry "HUN"]
[BlackTeamCountry "HUN"]

1. Nf3 Nf6 2. g3 g6 3. Bg2 Bg7 4. O-O O-O 5. d4 d6 6. b3 c5 7. Bb2 Nc6 8. Nbd2
cxd4 9. Nxd4 Nxd4 10. Bxd4 Qc7 11. c4 Rd8 12. Ne4 Nxe4 13. Bxe4 Bh3 14. Re1
Rac8 1/2-1/2

[Event "NB II. Asztalos csoport"]
[Site "Szentlorinc"]
[Date "2024.03.10"]
[Round "6.2"]
[White "Boros, Koppany"]
[Black "Nemeth, Attila Janos"]
[Result "1-0"]
[WhiteElo "2143"]
[BlackElo "1935"]
[PlyCount "101"]
[EventDate "2023.10.08"]
[EventType "team-tourn"]
[EventRounds "9"]
[EventCountry "HUN"]
[Source "chess.hu"]
[WhiteTeam "Szentlorinc"]
[BlackTeam "Komloi BSK"]
[WhiteTeamCountry "HUN"]
[BlackTeamCountry "HUN"]

1. e4 c6 2. d4 d5 3. exd5 cxd5 4. Bd3 Nc6 5. c3 Nf6 6. h3 g6 7. Nf3 Bg7 8. O-O
O-O 9. b4 a6 10. a4 Bf5 11. Bf4 Bxd3 12. Qxd3 Ne4 13. Nbd2 Nxd2 14. Qxd2 e6 15.
Bh6 Rc8 16. Bxg7 Kxg7 17. Rfc1 Qd6 18. Rab1 f6 19. c4 dxc4 20. Rxc4 Ne7 21.
Rbc1 Qd7 22. Qe2 Kf7 23. Rxc8 Rxc8 24. Rxc8 Nxc8 25. Qc2 Nb6 26. h4 Nxa4 27. h5
Qc6 28. Qd2 g5 29. Qd3 Kg7 30. Nh2 Qc1+ 31. Nf1 Nc3 32. Qc4 Qe1 33. Kh2 Nd5 34.
Ne3 Qxb4 35. Nf5+ Kf7 36. Nh6+ Ke7 37. Qc8 Qd6+ 38. g3 Qc7 39. Ng8+ Kd6 40.
Qf8+ Kc6 41. Nxf6 Qe7 42. Qc8+ Kb5 43. Nd7 b6 44. Ne5 Nc7 45. h6 a5 46. Qb7 Qd6
47. Qe4 Ka6 48. Qxh7 Ne8 49. Qd3+ b5 50. h7 Qf8 51. Nf7 1-0

[Event "NB II. Asztalos csoport"]
[Site "Szentlorinc"]
[Date "2024.03.10"]
[Round "6.3"]
[White "Bator, Balazs"]
[Black "Bene, Zoltan"]
[Result "0-1"]
[WhiteElo "1969"]
[BlackElo "2148"]
[PlyCount "52"]
[EventDate "2023.10.08"]
[EventType "team-tourn"]
[EventRounds "9"]
[EventCountry "HUN"]
[Source "chess.hu"]
[WhiteTeam "Komloi BSK"]
[BlackTeam "Szentlorinc"]
[WhiteTeamCountry "HUN"]
[BlackTeamCountry "HUN"]

1. e4 e6 2. d4 d5 3. e5 c5 4. Nf3 cxd4 5. Nxd4 Nc6 6. f4 Qb6 7. Nb3 a5 8. a4 f6
9. Bd3 g6 10. Qe2 fxe5 11. fxe5 Bh6 12. Bd2 Bd7 13. h4 Qc7 14. h5 O-O-O 15. Bc3
gxh5 16. Na3 Be8 17. Nb5 Qg7 18. Nc5 d4 19. Nxe6 Qg3+ 20. Kd1 dxc3 21. bxc3 Bd7
22. Nd6+ Kb8 23. Rb1 Bxe6 24. Rxb7+ Ka8 25. Be4 Rxd6+ 26. exd6 Qxd6+ 0-1

[Event "NB II. Asztalos csoport"]
[Site "Szentlorinc"]
[Date "2024.03.10"]
[Round "6.4"]
[White "Tompos, Antal"]
[Black "Varga, Miklos"]
[Result "1-0"]
[WhiteElo "2144"]
[BlackElo "1938"]
[PlyCount "65"]
[EventDate "2023.10.08"]
[EventType "team-tourn"]
[EventRounds "9"]
[EventCountry "HUN"]
[Source "chess.hu"]
[WhiteTeam "Szentlorinc"]
[BlackTeam "Komloi BSK"]
[WhiteTeamCountry "HUN"]
[BlackTeamCountry "HUN"]

1. d4 Nf6 2. Nc3 d5 3. Bg5 e6 4. e4 dxe4 5. Nxe4 Be7 6. Bxf6 Bxf6 7. Nf3 O-O 8.
c3 b6 9. Bd3 Bb7 10. Qc2 g6 11. h4 Nd7 12. h5 c5 13. hxg6 cxd4 14. gxf7+ Rxf7
15. Nxf6+ Qxf6 16. Bxh7+ Kf8 17. Be4 d3 18. Qxd3 Nc5 19. Qd6+ Kg8 20. Bxb7 Rd8
21. Qg3+ Rg7 22. Qh4 Nd3+ 23. Kf1 Qxh4 24. Rxh4 Rxb7 25. b3 Rf7 26. Rd4 Rxd4
27. cxd4 Nf4 28. Rc1 Rg7 29. g3 Nd3 30. Rc8+ Kh7 31. a3 Kh6 32. Rc3 Nb2 33. Ke2
1-0

[Event "NB II. Asztalos csoport"]
[Site "Szentlorinc"]
[Date "2024.03.10"]
[Round "6.5"]
[White "Lovasz, Marcell"]
[Black "Kohalmi, Endre Jr"]
[Result "0-1"]
[WhiteElo "1874"]
[BlackElo "2004"]
[PlyCount "106"]
[EventDate "2023.10.08"]
[EventType "team-tourn"]
[EventRounds "9"]
[EventCountry "HUN"]
[Source "chess.hu"]
[WhiteTeam "Komloi BSK"]
[BlackTeam "Szentlorinc"]
[WhiteTeamCountry "HUN"]
[BlackTeamCountry "HUN"]

1. d4 Nf6 2. c4 g6 3. Nc3 Bg7 4. e4 d6 5. Be2 O-O 6. Nf3 e5 7. dxe5 dxe5 8. Bg5
Nbd7 9. Qc2 c6 10. Rd1 Qc7 11. b4 Re8 12. O-O Nf8 13. c5 Bg4 14. Rd6 Ne6 15.
Bh4 Bxf3 16. Bxf3 Rad8 17. Rxd8 Rxd8 18. Rd1 g5 19. Bg3 Nd4 20. Qb1 g4 21. Be2
Nxe2+ 22. Nxe2 Rxd1+ 23. Qxd1 Nxe4 24. Qd3 Nf6 25. Nc3 Qd7 26. Qxd7 Nxd7 27.
Ne4 Bf8 28. a4 f5 29. Ng5 a5 30. bxa5 f4 31. Bh4 Nxc5 32. f3 gxf3 33. Nxf3 Bd6
34. Bf6 Nd7 35. Bd8 h6 36. Nd2 Kf7 37. Ne4 Ke6 38. Kf2 Kd5 39. Kf3 Nc5 40. Nf6+
Kc4 41. Ne8 e4+ 42. Kg4 Be5 43. Kf5 Kd4 44. Nf6 f3 45. gxf3 exf3 46. Ng4 h5 47.
Nf2 Bxh2 48. Bb6 Bg1 49. Ne4 Kd5 50. Nf6+ Kc4 51. Nxh5 Bh2 52. Bxc5 Kxc5 53.
Nf6 Kd4 0-1

[Event "NB II. Asztalos csoport"]
[Site "Szentlorinc"]
[Date "2024.03.10"]
[Round "6.6"]
[White "Hovorka, Tamas"]
[Black "Pater, Peter"]
[Result "0-1"]
[WhiteElo "2040"]
[BlackElo "1906"]
[PlyCount "56"]
[EventDate "2023.10.08"]
[EventType "team-tourn"]
[EventRounds "9"]
[EventCountry "HUN"]
[Source "chess.hu"]
[WhiteTeam "Szentlorinc"]
[BlackTeam "Komloi BSK"]
[WhiteTeamCountry "HUN"]
[BlackTeamCountry "HUN"]

1. d4 Nf6 2. c4 g6 3. Nc3 Bg7 4. e4 d6 5. Nf3 O-O 6. Bd3 Nbd7 7. O-O e5 8. d5
Nc5 9. Bc2 a5 10. a3 Nh5 11. Bg5 f6 12. Be3 Qe8 13. b4 Na6 14. c5 f5 15. cxd6
cxd6 16. Nd2 f4 17. Bb6 f3 18. g3 Bh3 19. Bxa5 Qc8 20. Re1 Bg2 21. Re3 Qg4 22.
Nxf3 Bxf3 23. Qd3 Nf4 24. Qb5 Bh6 25. Bb6 Nh3+ 26. Kf1 Bxe3 27. Bxe3 Qc8 28.
Qd3 Nxb4 0-1

[Event "NB II. Asztalos csoport"]
[Site "Szentlorinc"]
[Date "2024.03.10"]
[Round "6.7"]
[White "Kadar, Gabor"]
[Black "Horvath, Gergely"]
[Result "1/2-1/2"]
[WhiteElo "1921"]
[BlackElo "1945"]
[PlyCount "97"]
[EventDate "2023.10.08"]
[EventType "team-tourn"]
[EventRounds "9"]
[EventCountry "HUN"]
[Source "chess.hu"]
[WhiteTeam "Komloi BSK"]
[BlackTeam "Szentlorinc"]
[WhiteTeamCountry "HUN"]
[BlackTeamCountry "HUN"]

1. e4 e6 2. d3 d5 3. Nd2 Nf6 4. g3 Bc5 5. e5 Nfd7 6. f4 f6 7. Nb3 Bb6 8. d4 f5
9. Nf3 c5 10. c3 Nc6 11. Be3 Qe7 12. Bg2 cxd4 13. cxd4 Na5 14. Nxa5 Bxa5+ 15.
Kf2 Nb8 16. Qa4+ Nc6 17. Rac1 Qb4 18. Qc2 Bd7 19. a3 Qe7 20. b4 Bb6 21. h3 Qf7
22. Qb2 h6 23. b5 Ne7 24. a4 Rb8 25. Bd2 a5 26. Bc3 Nc8 27. Qd2 Ra8 28. Ne1 Bd8
29. Nd3 b6 30. h4 Be7 31. Qa2 Na7 32. Ne1 Rc8 33. Nf3 O-O 34. Bb2 Bb4 35. Ba3
Qe7 36. Bxb4 Qxb4 37. Rb1 Qc4 38. Qxc4 Rxc4 39. Rhc1 Rfc8 40. Rxc4 Rxc4 41. Ra1
Rc2+ 42. Kg1 Nc8 43. Bf1 Be8 44. Ne1 Rc3 45. Nd3 Bh5 46. Kf2 Kf7 47. Be2 Rc2
48. Nc1 Ke7 49. Ke3 1/2-1/2